[Event "CRO-ch U15 Girls"]
[Site "Trogir"]
[Date "2023.06.25"]
[Round "7"]
[White "Savic, Anja"]
[Black "Vinkovic, Hana"]
[Result "1/2-1/2"]
[WhiteElo "1285"]
[BlackElo "1210"]
[PlyCount "50"]
[EventDate "2023.06.21"]
[EventType "swiss"]
[EventRounds "9"]
[EventCountry "CRO"]
[SourceTitle "EXT 2024"]
[Source "ChessBase"]
[SourceDate "2023.10.10"]
[SourceVersion "1"]
[SourceVersionDate "2023.10.10"]
[SourceQuality "1"]

1. e4 e5 2. Nf3 d6 3. d4 Nd7 4. Bc4 c6 5. 0-0 Be7 6. dxe5 dxe5 7. Ng5 Bxg5 8. Qh5 Qe7 9. Qxg5 Qxg5 10. Bxg5 Ngf6 11. Nc3 0-0 12. Rad1 h6 13. Bh4 g5 14. Bg3 Re8 15. Rd6 Kg7 16. Rfd1 Nc5 17. Rd8 Re7 18. f3 b5 19. Bb3 a5 20. a4 b4 21. Ne2 Bb7 22. Rxa8 Bxa8 23. Bf2 Nfd7 24. Ng3 Kg6 25. Rd6+ f6 1/2-1/2

[Event "CRO-ch U15 Girls"]
[Site "Trogir"]
[Date "2023.06.23"]
[Round "5"]
[White "Resman, Katarina"]
[Black "Vinkovic, Hana"]
[Result "0-1"]
[WhiteElo "1244"]
[BlackElo "1210"]
[PlyCount "116"]
[EventDate "2023.06.21"]
[EventType "swiss"]
[EventRounds "9"]
[EventCountry "CRO"]
[SourceTitle "EXT 2024"]
[Source "ChessBase"]
[SourceDate "2023.10.10"]
[SourceVersion "1"]
[SourceVersionDate "2023.10.10"]
[SourceQuality "1"]

1. e4 e5 2. Nf3 d6 3. d4 Nd7 4. g3 g6 5. Bg2 Bg7 6. d5 Ngf6 7. Nfd2 0-0 8. 0-0 c6 9. c4 c5 10. Nc3 Nb6 11. b3 Bd7 12. Rb1 Nc8 13. a3 b6 14. Ne2 Ne8 15. f4 f5 16. fxe5 Bxe5 17. Bb2 Bxb2 18. Rxb2 Ne7 19. b4 fxe4 20. Rxf8+ Kxf8 21. Qf1+ Kg8 22. Nxe4 Nf5 23. Qf3 Qe7 24. bxc5 dxc5 25. d6 Qe5 26. Rd2 Rd8 27. Rd5 Qg7 28. Bh3 Nf6 29. Nxf6+ Qxf6 30. Rd1 Be6 31. g4 Qg5 32. Nf4 Nd4 33. Rxd4 cxd4 34. Nxe6 Qc1+ 35. Kg2 Qd2+ 36. Kg3 Qe1+ 37. Kg2 Qxe6 38. Qd3 Qe3 39. Qxe3 dxe3 40. Kf3 Rxd6 41. Kxe3 Kg7 42. Bg2 Kf6 43. h4 g5 44. h5 h6 45. Bd5 Rd7 46. Kd4 Re7 47. Be4 Re5 48. a4 Ke6 49. Bc6 Re1 50. Bb5 Rg1 51. Ba6 Kd6 52. a5 Rxg4+ 53. Kc3 Kc5 54. axb6 axb6 55. Bb5 Rh4 56. Kd3 Rxh5 57. Ke4 Rh4+ 58. Kf5 Rxc4 0-1

[Event "CRO-ch U11 Girls"]
[Site "Trogir"]
[Date "2020.08.27"]
[Round "6"]
[White "Vinkovic, Hana"]
[Black "Golub, Mia"]
[Result "1-0"]
[WhiteElo "1728"]
[BlackElo "1600"]
[PlyCount "47"]
[EventDate "2020.08.24"]
[EventType "swiss"]
[EventRounds "9"]
[EventCountry "CRO"]
[SourceTitle "CBM 198 Extra"]
[Source "ChessBase"]
[SourceDate "2020.11.30"]
[SourceVersion "1"]
[SourceVersionDate "2020.11.30"]
[SourceQuality "1"]

1. e4 e5 2. Nf3 Nc6 3. Bc4 f6 4. Nc3 Na5 5. Bb5 b6 6. d3 Bb4 7. Bd2 Ne7 8. a3 Bd6 9. 0-0 Ng6 10. h3 Nc6 11. Be3 Qe7 12. d4 exd4 13. Nxd4 Qe5 14. g3 Qe7 15. Nxc6 Bb7 16. Nxe7 Nxe7 17. Bf4 Bxf4 18. gxf4 g5 19. Qxd7+ Kf7 20. Qxc7 Bc8 21. Nd5 gxf4 22. Qxe7+ Kg6 23. Qxf6+ Kh5 24. Nxf4# 1-0